000 00610nam a2200205Ia 4500
003 OSt
005 20240724120043.0
008 210210b2000 xxu||||| |||| 00| 0 eng d
040 _cAL
041 _aKannada
082 _a398.362K AGRB
100 _aAGRAHARA KRASHNAMURTI.
_dಅಗ್ರಹಾರ ಕೃಷ್ಣಮೂರ್ತಿ
_9174064
245 _aBeldinglappana pooje.
_bಬೆಳದಿಂಗಳಪ್ಪನ ಪೂಜೆ
260 _aBengaluru
_bKannada Pustaka Pradhikara
_c2000
300 _a70
650 _aMoon
_9174065
690 _aFolklore
_9174066
906 _aSG03991
942 _2ddc
_cBK
999 _c114662
_d114662